| 000 | 00344nam a2200133Ia 4500 | ||
|---|---|---|---|
| 008 | 240624s9999 xx 000 0 und d | ||
| 041 | _aeng | ||
| 082 | _a828 GUP | ||
| 100 | _aGUPTA DEEPALI | ||
| 245 | _aTATA VS MISTRY THE BATTLE FOR INDIA S GR | ||
| 260 |
_c2019 _aNew Delhi _bJuggernaut Books |
||
| 300 | _axv, 248 p.; 22 cm. | ||
| 365 | _cRS | ||
| 999 |
_c31871 _d31871 |
||